• 首页
  • 本馆介绍
  • 公告通知
  • 最新文献
  • 馆藏检索
  • 电子资源
  • 读者导购
  • 参考咨询
  • 我的图书馆
  • 登录
  • 详细信息显示
  • 放入我的书架
  • 预约/预借图书
  • 作者相关作品
  • 分类相关作品
  • 丛书相关作品
  • 出版社相关作品

书目信息

  • 表格格式
  • 工作单格式
  • 卡片格式
题名:
责任制与农村工作
    
 
作者: 吕怀钦 著
分册:  
出版信息: 济南   山东人民出版社  1983
页数: 165页
开本: 19cm
丛书名:
单 册:
中图分类: F321.41
科图分类:
主题词: 农业生产-生产责任制--中国 , 生产责任制-农业生产--中国
电子资源:
ISBN: 3099.726
000 00667nam0 2200241 450
001 0183002739
005 20100712220439.0
010    @a3099.726@dCNY0.42
091    @a3099.726
100    @a19950619d1983 em y0chiy0110 ea
101 0  @achi
102    @aCN@b370000
105    @ay z 000yy
106    @ar
200 1  @a责任制与农村工作@9Ze Ren Zhi Yu Nong Cun Gong Zuo @f吕怀钦著
210    @a济南@c山东人民出版社@d1983
215    @a165页@d19cm
606 0  @a农业生产-生产责任制@y中国
606 0  @a生产责任制-农业生产@y中国
690    @aF321.41@v3
701  0 @a吕怀钦@9lu huai qin@4著
801  0 @aCN@b91MARC@c20130904
905    @aBZT@dF321.41@e2@f1@sF321.41/2
    
    责任制与农村工作/吕怀钦著.-济南:山东人民出版社,1983
    165页;19cm
    
    
    ISBN 3099.726:CNY0.42
    
●
相关链接 在五车中查询图书 在当当中查询图书 在豆瓣中查询图书


正题名:责任制与农村工作     索取号:F321.41/2         预约/预借

序号 登录号 条形码 馆藏地/架位号 状态 备注
1 2000071841   2000071841   旧书回溯/ [索取号:F321.41/2] 在馆    
山东省滨州职业学院图书馆 欢迎您!
大连网信软件有限公司© 版权所有